Riziká ovplyvňujúce konkurencieschopnosť malých a stredných podnikov

Podniky sú v súčasnosti konfrontované s nepoznanými rizikami vyplývajúce zo zmeny charakteru dopytu, vedeckých inovácií, alebo prudkých politických výkyvov. Ak chcú byť slovenské malé a stredné podniky životaschopné a dostatočne pripravené obstáť v konkurenčnom boji, nemôžu podceňovať množstvo rizík...

Descrizione completa

Salvato in:
Dettagli Bibliografici
Autore principale: Veselovská, Stanislava, 1957-
Natura: Capitolo di libro
Lingua:slovacco
Soggetti:
Tags: Aggiungi Tag
Nessun Tag, puoi essere il primo ad aggiungerne!!

MARC

LEADER 00000nla$a2200000$$$4500
001 0094398
005 20240717100955.7
041 0 |a slo 
044 |a CZ 
245 1 0 |a Riziká ovplyvňujúce konkurencieschopnosť malých a stredných podnikov  |c Stanislava Veselovská 
520 |a Podniky sú v súčasnosti konfrontované s nepoznanými rizikami vyplývajúce zo zmeny charakteru dopytu, vedeckých inovácií, alebo prudkých politických výkyvov. Ak chcú byť slovenské malé a stredné podniky životaschopné a dostatočne pripravené obstáť v konkurenčnom boji, nemôžu podceňovať množstvo rizík v podnikaní. Zároveň je však nevyhnutné uvedomiť si skutočnosť, že pod vplyvom globalizácie a hospodárskej krízy sa charakter podnikateľského prostredia úplne zmení. 
610 2 0 |a podnik malý 
610 2 0 |a podnik stredný 
610 2 0 |a konkurencieschopnosť 
610 2 0 |a riziko podnikateľské 
610 2 0 |a poistenie 
610 2 0 |a trh poistný 
100 1 |a Veselovská, Stanislava, 1957-